| 000 | 00816nam a2200277Ia 4500 | ||
|---|---|---|---|
| 999 |
_c53644 _d53644 |
||
| 001 | 20691 | ||
| 003 | GE_BSU | ||
| 005 | 20210304230946.0 | ||
| 008 | 181216s2015||||xx |||||||||||||| ||eng|| | ||
| 040 | _cGE_BSU | ||
| 041 | _aeng | ||
| 050 | _a9781907904677 | ||
| 080 | _a61:575 R-30 | ||
| 100 |
_aRead, Andrew _97115 |
||
| 245 |
_aNew Clinical Genetics 3 / _cAndrew Read and Dian Donnai. |
||
| 250 | _aThird Edition | ||
| 264 |
_aBunbury : _bScion, _c2015. |
||
| 300 |
_a448 p. : _bill. ; _c 27cm. |
||
| 541 | _h131 Gel. | ||
| 653 | _aNew Clinical Genetics | ||
| 653 | _aНовая клиническая генетика | ||
| 653 | _aახალი კლინიკური გენეტიკა | ||
| 653 | _aმედიცინა | ||
| 700 |
_aDonnai, Dian _eBy _910336 |
||
| 942 |
_cBK _2udc |
||